LIBRARY & INFORMATION CENTRE, KCAET, TAVANUR

ONLINE PUBLIC ACCESS CATALOGUE (OPAC)

Andhere bandh kamare / (Record no. 8034)

MARC details
000 -LEADER
fixed length control field 00428cam a2200181ua 4500
041 ## - LANGUAGE CODE
Language code of text/sound track or separate title hin
082 ## - DEWEY DECIMAL CLASSIFICATION NUMBER
Classification number 891.54
Item number MOH/AN
100 ## - MAIN ENTRY--AUTHOR NAME
Personal name Mohan, Rakesh .
245 ## - TITLE STATEMENT
Title Andhere bandh kamare /
250 ## - EDITION STATEMENT
Edition statement 1 /
260 ## - PUBLICATION, DISTRIBUTION, ETC. (IMPRINT)
Place of publication Delhi :
Name of publisher Rajkamal Prakash ,
Year of publication 1961.
300 ## - PHYSICAL DESCRIPTION
Number of Pages 539 ; .
942 ## - ADDED ENTRY ELEMENTS (KOHA)
Koha item type Books
Holdings
Withdrawn status Lost status Damaged status Home library Current library Date acquired Full call number Accession Number Koha item type
Withdrawn     KAUAET Sanskrit University 07/04/2012 891.54 2198 Books
free website counter